| 000 | 00745nam a22002057a 4500 | ||
|---|---|---|---|
| 005 | 20180323154302.0 | ||
| 010 | _a1718EN-30 | ||
| 020 |
_a9788170949916 _c795.00 |
||
| 035 | _aB-683478-487 | ||
| 037 |
_bBSB _adpl |
||
| 082 | _a921 | ||
| 100 | _aVerma, K.D. | ||
| 245 |
_aUnderstanding Mulk Raj Anand : _cby K.D. Verma _bhis mind and art / |
||
| 260 |
_aNew Delhi _bVision Books _c2017 |
||
| 270 |
_a24 Feroze Gandhi Road, Lajpat Nagar-III, _bNew Delhi _e110024 |
||
| 300 |
_a260p. _c23cm(Hb) |
||
| 500 | _aIncludes index | ||
| 942 |
_2ddc _cEN _mVER _h921 |
||
| 999 |
_c145991 _d145991 |
||